Marlon Brando Movies Quiz Stats

 Plays Quiz Updated Aug 2, 2019

     
Support Sporcle.
Go Orange.
Score 0/39 Timer 10:00
0 Plays Today
Year Movie % Correct
1972The Godfather
95.9%
1951A Streetcar Named Desire
79.1%
1954On the Waterfront
76.4%
1979Apocalypse Now
68.9%
1978Superman
64.7%
1962Mutiny on the Bounty
45.4%
1972Last Tango in Paris
45.2%
1953Julius Caesar
43.5%
1955Guys and Dolls
40.6%
1952Viva Zapata!
37.1%
1996The Island of Dr. Moreau
35.8%
1953The Wild One
35%
1990The Freshman
32.1%
2001The Score
28.4%
1994Don Juan DeMarco
27.5%
1957Sayonara
20.7%
1950The Men
19.2%
1961One-Eyed Jacks
19.1%
1976The Missouri Breaks
18.3%
1956The Teahouse of the August Moon
15.4%
Year Movie % Correct
1989A Dry White Season
15.3%
1966The Chase
14.8%
1958The Young Lions
14.7%
1954Desirée
13.5%
1967Reflections in a Golden Eye
13.5%
1969Burn!
13.3%
1992Christopher Columbus: The Discovery
12.2%
1980The Formula
11.2%
1963The Ugly American
11.2%
1968Candy
10.8%
1960The Fugitive Kind
10.7%
1967A Countess from Hong Kong
10.4%
1966The Appaloosa
9.9%
1997The Brave
9.9%
1964Bedtime Story
9.5%
1971The Nightcomers
9.3%
1965Morituri
8.8%
1968The Night of the Following Day
8.1%
1998Free Money
7.9%

From the Vault

Figure Out the Lyrics: TV Theme II

by soxfan1

OK I am just gonna put this out there, TV Theme show music may have peaked in the 80s.
Remove Ads.
Support Sporcle.
Get the best of Sporcle when you Go Orange. This ad-free experience offers more features, more stats, and more fun while also helping to support Sporcle. Thank you for becoming a member.

Show Comments

Extras

Top Quizzes Today


Score Distribution

Your Account Isn't Verified!

In order to create a playlist on Sporcle, you need to verify the email address you used during registration. Go to your Sporcle Settings to finish the process.

Report this User

Report this user for behavior that violates our Community Guidelines.

Details: